| 000 | 00816nam a2200229 i 4500 | ||
|---|---|---|---|
| 001 | 182609 | ||
| 003 | ES-MaACL | ||
| 005 | 20231026143710.0 | ||
| 008 | 131002s2012 sp |||| | spa d | ||
| 100 | 1 |
_aNebreda Pérez, Joaquín María. _9152231 |
|
| 245 | 1 | 3 |
_aEl liberalismo de don José Canalejas y Méndez / _cJoaquín Mª Nebreda Pérez. |
| 260 |
_aMadrid : _bUned, _c2012. |
||
| 300 |
_a194 p. ; _c30 cm. |
||
| 502 | _aTesina fin de master. | ||
| 504 | _aBibliografía: p. 187-194. | ||
| 600 | 0 | 4 |
_aCanalejas, Federico. _934380 |
| 650 | 0 | 4 |
_aLiberalismo- _zEspaña. _914388 |
| 852 |
_aES-MaACL _jA-12854 _9189525 _bR.148989 _cDEPO1 _dOlim: N-5854 _xDonación: Joaquín Mª Nebreda Pérez |
||
| 903 |
_9152231 _aNebreda Pérez, Joaquín María _ednr |
||
| 942 |
_2udc _cMONOGRAFIA |
||
| 999 |
_c182609 _d182609 |
||